| Tag |
First Indicator |
Second Indicator |
Subfields |
| LEADER |
00000cam a2200000 i 4500 |
| 001 |
in00005771908 |
| 005 |
20260327174531.8 |
| 006 |
m o d |
| 007 |
cr un|---aucuu |
| 008 |
230524t20232023ne ab ob 001 0 eng d |
| 040 |
|
|
|a YDX
|b eng
|e rda
|e pn
|c YDX
|d OPELS
|d EBLCP
|d UKMGB
|d UKAHL
|d OCLCF
|d OCLCQ
|d OCLCO
|d N$T
|d SXB
|d OCLCQ
|d K6U
|d WAU
|d OCLCO
|d OCLCL
|
| 015 |
|
|
|a GBC376512
|2 bnb
|
| 016 |
7 |
|
|a 021026932
|2 Uk
|
| 019 |
|
|
|a 1380464301
|a 1535409094
|
| 020 |
|
|
|a 9780443187087
|q electronic book
|
| 020 |
|
|
|a 0443187088
|q electronic book
|
| 020 |
|
|
|z 9780443187070
|q paperback
|
| 035 |
|
|
|a (OCoLC)1379831860
|z (OCoLC)1380464301
|z (OCoLC)1535409094
|
| 037 |
|
|
|a 9780443187087
|b Ingram Content Group
|
| 050 |
|
4 |
|a QC903
|
| 082 |
0 |
4 |
|a 304.25
|2 23/eng/20230615
|
| 049 |
|
|
|a TXAM
|
| 245 |
0 |
0 |
|a Climate change, community response, and resilience :
|b insight for socio-ecological sustainability /
|c edited by Uday Chatterjee, Rajib Shaw, Gouri Sankar Bhunia, Martiwi Diah Setiawati, Soumita Banerjee.
|
| 264 |
|
1 |
|a Amsterdam, Netherlands :
|b Elsevier ;
|a London :
|b RMetS,
|c 2023.
|
| 264 |
|
4 |
|c ©2023
|
| 300 |
|
|
|a 1 online resource (xxiii, 546 pages) :
|b illustrations, maps.
|
| 336 |
|
|
|a text
|b txt
|2 rdacontent
|
| 337 |
|
|
|a computer
|b c
|2 rdamedia
|
| 338 |
|
|
|a online resource
|b cr
|2 rdacarrier
|
| 490 |
1 |
|
|a Developments in weather and climate science ;
|v 6
|
| 504 |
|
|
|a Includes bibliographical references and index.
|
| 520 |
|
|
|a "Climate Change, Community Response, and Resilience: Insight for Socio-Ecological Sustainability, Volume Six presents a fundamental theoretical framework for understanding how community resilience and risk assessment affect climate change adaptation behavior. This framework is based on a 26-chapter theoretical and empirical examination that includes pioneer projects from various regions that illustrate the relationship between theory and practice, reflect a paradigm shift in climate change, community response, and resilience, and focus on these important aspects from a sectoral perspective. Climate change, ecological consequences and resilience are then discussed in the final section"--
|c Provided by publisher.
|
| 588 |
0 |
|
|a Print version record.
|
| 505 |
0 |
|
|a Front Cover -- Climate Change, Community Response, and Resilience -- Copyright Page -- Contents -- List of contributors -- Foreword -- Preface -- Acknowledgments -- 1 Introduction -- 1 Evaluation of community response and resilience on climate change: a bibliometric analysis -- 1.1 Introduction -- 1.2 Methodology for bibliometric analysis -- 1.3 Data collection -- 1.4 Result -- 1.4.1 Most relevant sources -- 1.4.2 Source dynamics -- 1.4.3 Most relevant authors -- 1.4.4 Country wise scientific production -- 1.4.5 Most globally cited documents -- 1.4.6 Most frequent words -- 1.4.7 Word growth
|
| 505 |
8 |
|
|a 1.4.8 Co-occurrence network -- 1.4.9 Thematic evolution -- 1.4.9.1 Factorial analysis -- 1.4.10 Country collaboration map -- 1.5 Discussion -- 1.6 Conclusion -- References -- 2 Climate change, social response and resilience -- 2 Assessing flood risk, intensity, recurrence trend, and indigenous coping strategies of the Teesta riverine people of Bang... -- 2.1 Introduction -- 2.2 Objectives of the study -- 2.3 Materials and methods -- 2.4 Results and discussion -- 2.4.1 Discharge pattern of the river Teesta in the study area -- 2.4.1.1 Mean monthly discharge in the river Teesta
|
| 505 |
8 |
|
|a 2.4.1.2 Temporal variation in water levels of the river Teesta -- 2.4.2 Flood Intensity in the study area -- 2.4.3 Recurrence trend of flood in the study area -- 2.4.4 Inundation area in different flooding years -- 2.4.5 Impacts of flood in the study area -- 2.4.6 Flood risk assessment in Teesta flood-prone area -- 2.4.7 Indigenous coping strategies -- 2.4.7.1 Coping strategies during pre-flood period -- 2.4.7.2 Coping strategies during flood -- 2.4.7.3 Coping strategies in post-flood period -- 2.5 Conclusion -- References
|
| 505 |
8 |
|
|a 3 Socio-economic and livelihood vulnerability in view of climate resilience: A case study of selected blocks of Sundarban, ... -- 3.1 Introduction -- 3.2 Materials and methods -- 3.2.1 Study area -- 3.2.2 Methodology -- 3.2.2.1 Livelihood asset status tracking (LAST) matrix: an analytical framework -- 3.2.2.2 Sustainable livelihood security index (SLSI) -- 3.2.2.3 Economic and social vulnerability index (ECVI) -- 3.3 Results -- 3.3.1 Implementation of LAST tool, SLSI, ECVI -- 3.3.2 Relationship between adaptive capacity and adaptation in the light of SLSI and LAST matrix and SLSI and ECVI
|
| 505 |
8 |
|
|a 3.4 Discussion -- 3.4.1 Livelihood status of economically marginalized people -- 3.4.2 Management strategy -- 3.5 Conclusion -- References -- 4 Building resilient city in coastal urban areas: case study of community adaptation and response toward climate change and... -- 4.1 Introduction: problems of community adaptation and response toward climate change -- 4.2 Materials and methods -- 4.3 Disaster risk reduction (DRR) in Indonesia -- 4.3.1 Impacts of climate change on coastal urban areas in Indonesia -- 4.3.2 Indonesia's climate change mitigation and adaptation strategies
|
| 650 |
|
0 |
|a Climatic changes
|x Social aspects.
|
| 650 |
|
0 |
|a Communities
|x Environmental aspects.
|
| 650 |
|
0 |
|a Ecovillages.
|
| 650 |
|
0 |
|a Climatic changes
|x Social aspects
|1 http://id.loc.gov/authorities/subjects/sh2009118395
|
| 650 |
|
6 |
|a Climat
|x Changements
|x Aspect social.
|
| 650 |
|
6 |
|a Communauté
|x Aspect de l'environnement.
|
| 650 |
|
6 |
|a Quartiers durables.
|
| 650 |
|
7 |
|a Climatic changes
|x Social aspects
|2 fast
|
| 650 |
|
7 |
|a Ecovillages
|2 fast
|
| 655 |
|
7 |
|a Electronic books.
|2 local
|
| 700 |
1 |
|
|a Chatterjee, Uday,
|e editor.
|1 https://id.oclc.org/worldcat/entity/E39PCjDxYYGwMJxGvb6YHTGMbm
|
| 700 |
1 |
|
|a Shaw, Rajib,
|e editor.
|1 https://id.oclc.org/worldcat/entity/E39PCjGhv7ygD7jvfCcjTmWwfq
|1 https://isni.org/isni/0000000080057525
|
| 700 |
1 |
|
|a Bhunia, Gouri Sankar,
|e editor.
|1 https://id.oclc.org/worldcat/entity/E39PCjJqgwpMd8XmvfvHjkgKcX
|
| 700 |
1 |
|
|a Setiawati, Martiwi Diah,
|e editor.
|
| 700 |
1 |
|
|a Banerjee, Soumita,
|e editor.
|
| 710 |
2 |
|
|a ScienceDirect (Online service)
|
| 776 |
0 |
8 |
|i Print version:
|t Climate change, community response, and resilience.
|d Amsterdam, Netherlands : Elsevier, 2023
|z 9780443187070
|w (OCoLC)1377215093
|
| 830 |
|
0 |
|a Developments in weather and climate science ;
|v 6.
|
| 856 |
4 |
0 |
|u http://proxy.library.tamu.edu/login?url=https://www.sciencedirect.com/science/book/9780443187070
|z Connect to the full text of this electronic book
|t 0
|
| 955 |
|
|
|a Elsevier ScienceDirect 2026-2027
|
| 994 |
|
|
|a 92
|b TXA
|
| 999 |
f |
f |
|i 4efddcac-6aa2-450a-904d-8b28d54b8678
|s 5cf06d63-f29d-4b0e-89b7-5bf7a038b1e0
|t 0
|
| 952 |
f |
f |
|a Texas A&M University
|b College Station
|c Electronic Resources
|s www_evans
|d Available Online
|t 0
|e QC903
|h Library of Congress classification
|
| 998 |
f |
f |
|a QC903
|t 0
|l Available Online
|